V predaji potravín pribudla nová päťka
Ahold definitívne potvrdil, že odchádza zo slovenského trhu. V novembri dosiahol dohodu so spoločnosťou Condorum, ktorá sa týka predaja podnikateľských aktivít u nás. Čo všetko sa týmto krokom mení. Condorum v súčasnosti prevádzkuje viac ako 90 predajní pod značkami Terno a Moja Samoška.
Guardado en:
| Formato: | Capítulo de libro |
|---|---|
| Lenguaje: | eslovaco |
| Materias: | |
| Etiquetas: |
Sin Etiquetas, Sea el primero en etiquetar este registro!
|
MARC
| LEADER | 00000naa a2200000 4500 | ||
|---|---|---|---|
| 001 | 0181421 | ||
| 005 | 20231208065853.9 | ||
| 041 | 0 | |a slo | |
| 044 | |a SK | ||
| 245 | 1 | 0 | |a V predaji potravín pribudla nová päťka |
| 520 | |a Ahold definitívne potvrdil, že odchádza zo slovenského trhu. V novembri dosiahol dohodu so spoločnosťou Condorum, ktorá sa týka predaja podnikateľských aktivít u nás. Čo všetko sa týmto krokom mení. Condorum v súčasnosti prevádzkuje viac ako 90 predajní pod značkami Terno a Moja Samoška. | ||
| 610 | 2 | 0 | |a spoločnosti obchodné |
| 610 | 2 | 0 | |a akvizícia |
| 610 | 2 | 0 | |a Slovensko |